ბათუმის შოთა რუსთაველის სახელმწიფო უნივერსიტეტის ბიბლიოთეკა

ქართულ-ინგლისურ-რუსული განმარტებითი ლექსიკონი = GEORGIAN-ENGLISH-RUSSIAN DICTIONARI (ბიბ.ჩანაწერი № 37718)

000 -ლიდერი
ფიქსირებული სიგრძის საკონტროლო ველი 01604nam a2200265Ia 4500
001 - საკონტროლო ნომერი
საკონტროლო ველი 3693
003 - საკონტროლო ნომრის იდენტიფიკატორი
საკონტროლო ველი GE_BSU
005 - ბოლო ოპერაციის თარიღი და დრო
საკონტროლო ველი 20230929153311.0
008 - ფიქსირებული სიგრძის მონაცემთა ელემენტები - ზოგადი ინფორმაცია
ფიქსირებული სიგრძის საკონტროლო ველი 181216s1999||||ge |||||||||||||| ||geo||
020 ## - წიგნის საერთაშორისო სტანდარტული ნომერი
International Standard Book Number 9992881739
040 ## - კატალოგიზაციის წყარო
Transcribing agency GE_BSU
041 ## - ენის კოდი
Language code of text/sound track or separate title geo
080 ## - უნივერსალური ათობითი კლასიფიკაციის ინდექსი
Universal Decimal Classification number 33(038)+81.374.26=353.1=111=161.1 ბ-56
100 ## - მთავარი ჩანაწერი - პიროვნების სახელი
Personal name ბერულავა , რ.
9 (RLIN) 1035
245 ## - ცნობა სათაურის შესახებ
Title ქართულ-ინგლისურ-რუსული განმარტებითი ლექსიკონი = GEORGIAN-ENGLISH-RUSSIAN DICTIONARI
Remainder of title ენციკლოპედიურ-ტერმინოლოგიური ცნობარი /
Statement of responsibility, etc რ. ბერულავა , თ. ბერულავა, სარედ. კოლეგია: ი.მესხია, ალ. ღლონტი, თ.მაღლაკელიძე და სხვ.
264 ## - წარმოების, გამოცემის, დისტრიბუციის და სხვა ცნობები
გამოცემის, წარმოების, დისტრიბუციის... ადგილი თბილისი :
გამოცემის, წარმოების, დისტრიბუციის... სახელწოდება იბერთედ-პრესი,
გამოცემის, წარმოების, დისტრიბუციის... თარიღი 1999.
300 ## - ფიზიკური აღწერა
Extent 447 გვ . ;
Dimensions 20 სმ.
500 ## - ზოგადი შენიშვნა
General note 10000-მდე ცნება-ტერმინი და ტერმინოლ. გამოთქმა, ტრანსკრიფციები და 2000-მდე აბრევიატურა
653 ## - INDEX TERM--UNCONTROLLED
Uncontrolled term ლექსიკონი
700 ## - ADDED ENTRY--PERSONAL NAME
Personal name ბერულავა, თ.
9 (RLIN) 1036
Relator term ავტორი
700 ## - ADDED ENTRY--PERSONAL NAME
Personal name მესხია, ი.
Relator term რედაქტორი
9 (RLIN) 1037
700 ## - ADDED ENTRY--PERSONAL NAME
Personal name ღლონტი, ალ.
Relator term რედაქტორი
9 (RLIN) 1038
700 ## - ADDED ENTRY--PERSONAL NAME
Personal name მაღლაკელიძე , თ.
Relator term რედაქტორი
9 (RLIN) 1039
942 ## - ADDED ENTRY ELEMENTS (KOHA)
Koha item type წიგნი
Source of classification or shelving scheme
ეგზემპლარები
ჩამოწერის სტატუსი დაკარგული ეგზემპლარის სტატუსი კლასიფიკაციის წყარო ან თაროზე გაწყობის სქემა დაზიანების სტატუსი არ გაიცემა მუდმივი მდებარეობა (დაცვის ადგილი) ამჟამინდელი ადგილსამყოფელი თაროზე განთავსების ადგილი შეძენის თარიღი ღირებულება, შესყიდვის ნორმალური ფასი სრული შენახვის შიფრი შტრიხკოდი ბოლო ოპერაციის თარიღი ეგზემპლარის მიმდევრობითი ნომერი (კეტერი?) ფასის ძალაში შესვლის თარიღი ეგზემპლარის სახეობა საჯარო შენიშვნა
          ბათუმის შოთა რუსთაველის სახელმწიფო უნივერსიტეტის მთავარი ბიბლიოთეკა ბათუმის შოთა რუსთაველის სახელმწიფო უნივერსიტეტის მთავარი ბიბლიოთეკა წიგნსაცავი 2018-12-17 35.00 33(038)+81,374.26=353.1=111=161.1 ბ-56, 52425 2018-12-17 52425 2018-12-17 წიგნი 35 ლ. 64 თ.
          ბათუმის შოთა რუსთაველის სახელმწიფო უნივერსიტეტის მთავარი ბიბლიოთეკა ბათუმის შოთა რუსთაველის სახელმწიფო უნივერსიტეტის მთავარი ბიბლიოთეკა წიგნსაცავი 2018-12-17 35.00 33(038)+81,374.26=353.1=111=161.1 ბ-56, 27947 2018-12-17 27947 2018-12-17 წიგნი 35 ლ.64თ.
          ბათუმის შოთა რუსთაველის სახელმწიფო უნივერსიტეტის მთავარი ბიბლიოთეკა ბათუმის შოთა რუსთაველის სახელმწიფო უნივერსიტეტის მთავარი ბიბლიოთეკა წიგნსაცავი 2022-09-23 12.00 33(038)+81.374.26=353.1=111=161.1 ბ-56 973 2022-09-23 973 2022-09-23 წიგნი 12 ლ.
          ბათუმის შოთა რუსთაველის სახელმწიფო უნივერსიტეტის მთავარი ბიბლიოთეკა ბათუმის შოთა რუსთაველის სახელმწიფო უნივერსიტეტის მთავარი ბიბლიოთეკა წიგნსაცავი 2023-09-29 35.00 33(038)+81.374.26=353.1=111=161.1 ბ-56 3545 2023-09-29 3545 2023-09-29 წიგნი 35 ლ.
          ბათუმის შოთა რუსთაველის სახელმწიფო უნივერსიტეტის მთავარი ბიბლიოთეკა ბათუმის შოთა რუსთაველის სახელმწიფო უნივერსიტეტის მთავარი ბიბლიოთეკა წიგნსაცავი 2026-03-25 35.00 33(038)+81.374.26=353.1=111=161.1 ბ-56 74141 2026-03-25 74141 2026-03-25 წიგნი 35ლ.64თ.
          ბათუმის შოთა რუსთაველის სახელმწიფო უნივერსიტეტის მთავარი ბიბლიოთეკა ბათუმის შოთა რუსთაველის სახელმწიფო უნივერსიტეტის მთავარი ბიბლიოთეკა წიგნსაცავი 2026-03-25 35.00 33(038)+81.374.26=353.1=111=161.1 ბ-56 74142 2026-03-25 74142 2026-03-25 წიგნი 35ლ.64თ.
          ტექნოლოგიური ფაკულტეტის ბიბლიოთეკა ტექნოლოგიური ფაკულტეტის ბიბლიოთეკა წიგნსაცავი 2018-12-17 41.00 33(038)+81,374.26=353.1=111=161.1 ბ-56, 8367 2018-12-17 8367 2018-12-17 წიგნი 41 ლ.25 თ.
          ტექნოლოგიური ფაკულტეტის ბიბლიოთეკა ტექნოლოგიური ფაკულტეტის ბიბლიოთეკა წიგნსაცავი 2018-12-17 41.00 33(038)+81,374.26=353.1=111=161.1 ბ-56, 8368 2018-12-17 8368 2018-12-17 წიგნი 41 ლ. 25 თ.
          ტექნოლოგიური ფაკულტეტის ბიბლიოთეკა ტექნოლოგიური ფაკულტეტის ბიბლიოთეკა წიგნსაცავი 2018-12-17 41.00 33(038)+81,374.26=353.1=111=161.1 ბ-56, 8369 2018-12-17 8369 2018-12-17 წიგნი 41 ლ. 25თ.